Language Quiz

Random Language or French Quiz

French Vocab Semester 1 Quiz Stats

 Plays Quiz not verified by Sporcle

Challenge
Share
Tweet
Embed
Score 0/25 Timer 05:00
0 Plays Today
Hint Answer % Correct
To wriggleSe tortiller
96.7%
To floodInonder
86.7%
A challengeUn défi
83.3%
A deliveryUne livraison
83.3%
LivrerTo deliver
80%
A disappointment Une déception
80%
Isolement (m)Solitary confinement
76.7%
A thousandUn mille
76.7%
A millionUn million
76.7%
A billionUn milliard
76.7%
CribléRiddled
73.3%
The workforceLa main-d'oeuvre
73.3%
A (musical) scaleUne gamme
70%
Hint Answer % Correct
A storeroomUn débarras
70%
FaramineuxEnormous
70%
A hurricaneUn ouragan
66.7%
A lectureUn cours magistral
66.7%
VanterTo praise
63.3%
AcculerTo corner
63.3%
The playgroundLe préau
63.3%
Well-offAisé
63.3%
S'endurcirTo toughen up
63.3%
S'enfoncerTo sink
50%
A patentUn brevet
50%
FastidieuxTedious
43.3%

You're not logged in!

Compare scores with friends on all Sporcle quizzes.
Join for Free
OR
Log In

You Might Also Like...

Show Comments

Extras

Created Jan 16, 2017ReportNominate
Tags:French Quiz, semester

Top Quizzes Today


Score Distribution

Your Account Isn't Verified!

In order to create a playlist on Sporcle, you need to verify the email address you used during registration. Go to your Sporcle Settings to finish the process.

Report this User

Report this user for behavior that violates our Community Guidelines.

Details: